Statistics for Supernatural Season 14 Quiz

Click here to take the quiz!

General Stats

  • This quiz has been taken 94 times
    (36 since last reset)
  • The average score is 13 of 32

Answer Stats

HintAnswer% Correct
What is the name of Lucifer's vessel who is reveled to be alive in "Stranger in a Strange Land"?Nick
88%
What sheriff returns to help Sam find Dean/Michael in "The Scar"?Jody Mills
76%
Is Jack soulless?Yes
76%
Who goes into Dean's head to trap Michael in "Nihilism"?Sam and Castiel
72%
Who kills Michael in "Ouroboros"?Jack
68%
Who is revealed to be the final villain of the series?Chuck
64%
Who dies in the season finale?Jack
64%
Who do the boys get to try to heal Jack in "Unhuman Nature"?Rowena
56%
What quirky prophet is brought back from the brink of death in "Prophet and Loss"?Donatello
56%
What young character dies in the beginning of "Byzantium"?Jack
52%
Who is Dean spending time with in his fantasy in "Nihilism"?Pamela Barnes
52%
What character returns in this milestone episode?John Winchester
48%
Who resurrects the above by the end of the episode?Castiel
40%
What happens to Dean at the end of the episode?Michael possesses him again
36%
Where do the boys put Jack in "Jack in the Box" before he breaks out?The Ma'lak Box
36%
Who joins Sam on a hunt in "Optimism"?Charlie
36%
"Absence" starts after which character's death?Mary
36%
Who does Team free will team up with to try and defeat Michael in "The Spear"?Garth
32%
What familiar face returns in "Moriah" for the first time since season 11?Chuck Shirley
32%
Finish the Quote: "Get him to open up and then sleep until the ____ come home."Cows
32%
Finish the Quote: "Hi, I'm Dean Winchester and I'm looking for ________________"The devil's son
32%
Who stabs Stacy in "Don't Go Into the Woods"?Jack
28%
What does Dean construct when he spends time with Mary in "Damaged Goods"?The Ma'lak Box
28%
What is the name of the 300th episode?Lebanon
24%
What are the boys dealing with in "Nightmare Logic"?A djinn
24%
What is Sam wearing in "Peace of Mind"?A cardigan, glasses, and a ponytail
16%
Who does Dean suggest dressing up for Halloween as with Sam saying, "Just put it in drive and go"?Thelma and Louise
16%
What do Castiel and Anael find and use to contact God in "Game Night"?The Samulet
12%
Finish the Quote: "As a wise man once said, 'It ain't how hard ya hit. It's how hard you can get hit and keep moving forward.' 'Was that _______?'"Gandhi
12%
Finish the Quote: "I mean, God bless ____ am I right?"Kale
12%
Who does Jack seek out in "Gods and Monsters"?His grandmother
8%
Finish the Quote: "This doesn't feel right. It's not how I thought ______ story would end."Jack's
8%

Score Distribution

Percentile by Number Answered

Percent of People with Each Score

Your Score History

You have not taken this quiz since the last reset